El plan estratégico en la práctica / (Record no. 195531)
[ view plain ]
| 000 -LEADER | |
|---|---|
| campo de control de longitud fija | 02065nam a2200397 i 4500 |
| 001 - NÚMERO DE CONTROL | |
| campo de control | 195531 |
| 003 - IDENTIFICADOR DE NÚMERO DE CONTROL | |
| campo de control | SpMaBN |
| 005 - FECHA Y HORA DE LA ÚLTIMA TRANSACCIÓN | |
| campo de control | 20250711063128.0 |
| 008 - DATOS DE LONGITUD FIJA--INFORMACIÓN GENERAL | |
| campo de control de longitud fija | 240619s2010 sp a | ||||o000 0 spa |
| 015 ## - NÚMERO DE BIBLIOGRAFÍA NACIONAL | |
| Número de bibliografía nacional | MON10 |
| 017 ## - NÚMERO DE COPYRIGHT O DE DEPÓSITO LEGAL | |
| Número de copyright o de depósito legal | M 371-2010 |
| Agencia que asigna | Oficina Depósito Legal Madrid |
| 020 ## - NÚMERO INTERNACIONAL ESTÁNDAR DEL LIBRO | |
| Número Internacional Estándar del Libro | 9788473566438 |
| 035 ## - NÚMERO DE CONTROL DEL SISTEMA | |
| Número de control de sistema | (OCoLC)733871964 |
| 040 ## - FUENTE DE CATALOGACIÓN | |
| Centro catalogador/agencia de origen | SpMaBN |
| Lengua de catalogación | spa |
| Centro/agencia transcriptor | SpMaBN |
| Normas de descripción | rdc |
| Centro/agencia modificador | ES-MaACL |
| 080 ## - NÚMERO DE LA CLASIFICACIÓN DECIMAL UNIVERSAL | |
| Número de la Clasificación Decimal Universal | 658.012.2 |
| 100 1# - ENTRADA PRINCIPAL--NOMBRE DE PERSONA | |
| Nombre de persona | Sainz de Vicuña Ancín, José María |
| Número de control del registro de autoridad o número normalizado | XX1001981 |
| 9 (RLIN) | 237148 |
| Término indicativo de función/relación | Autor |
| 245 13 - MENCIÓN DEL TÍTULO | |
| Título | El plan estratégico en la práctica / |
| Mención de responsabilidad, etc. | José María Sainz de Vicuña Ancín |
| 250 ## - MENCION DE EDICION | |
| Mención de edición | 2ª edición, revisada y actualizada |
| 260 ## - PUBLICACIÓN, DISTRIBUCIÓN, ETC. | |
| Lugar de publicación, distribución, etc. | Pozuelo de Alarcón, Madrid : |
| Nombre del editor, distribuidor, etc. | ESIC Editorial, |
| Fecha de publicación, distribución, etc. | 2009 [i.e. 2010]. |
| 300 ## - DESCRIPCIÓN FÍSICA | |
| Extensión | 391 páginas : |
| Otras características físicas | gráficos ; |
| Dimensiones | 24 cm |
| 336 ## - TIPO DE CONTENIDO | |
| Fuente | rdacontent |
| Término de tipo de contenido | texto |
| 337 ## - TIPO DE MEDIO | |
| Fuente | rdamedia |
| Nombre/término del tipo de medio | sin mediación |
| 338 ## - TIPO DE SOPORTE | |
| Fuente | rdacarrier |
| Nombre/término del tipo de soporte | volumen |
| 490 0# - MENCIÓN DE SERIE | |
| Mención de serie | Libros profesionales de empresa |
| 504 ## - NOTA DE BIBLIOGRAFÍA, ETC. | |
| Nota de bibliografía, etc. | Bibliografía: páginas [389]-391 |
| 520 ## - RESUMEN, ETC. | |
| Sumario, etc. | Los testimonios recibidos de los profesionales en cuyas empresas el autor ha utilizado esta herramienta básica para definir la “hoja de ruta” de cualquier empresa, muestran que la aplicación de la sistemática de elaboración del plan estratégico que se expone en este libro les ha ayudado a “contar con el método necesario para que el equipo de dirección avance con rigor y orden en el proceso de reflexión interna (...) y tenga una guía de referencia sobre los proyectos a los que dedicar los mayores esfuerzos en el futuro”. |
| 650 #4 - PUNTO DE ACCESO ADICIONAL DE MATERIA--TÉRMINO DE MATERIA | |
| Término de materia o nombre geográfico como elemento de entrada | Planificación estratégica |
| Fuente del encabezamiento o término | embne |
| 9 (RLIN) | 16111 |
| 852 ## - LOCALIZACIÓN | |
| Ubicación | ES-MaACL |
| Ubicación en estantería | Depósito J |
| Número de control de estantería | N-10038 |
| Donativo/Legado | Donación: Helena de la Joya |
| Encuadernación | Encuadernación rústica con solapas |
| itemnumber | 206185 |
| 903 ## - NOMBRE PERSONAL DE DONANTE | |
| a | Joya, Helena de la |
| e | Donante |
| 942 ## - ELEMENTOS DE ENTRADA SECUNDARIOS (KOHA) | |
| Tipo de ítem Koha | Libro impreso |
| Suprimir en OPAC | No |
| Estatus retirado | Estado de pérdida | Fuente del sistema de clasificación o colocación | Estado de daño | No para préstamo | Biblioteca de origen | Biblioteca actual | Ubicación en estantería | Fecha de adquisición | Fuente de adquisición | Total de préstamos | Signatura topográfica completa | Código de barras | Visto por última vez | Precio de reemplazo | Tipo de ítem Koha |
|---|---|---|---|---|---|---|---|---|---|---|---|---|---|---|---|
| Clasificación decimal universal | Biblioteca del Ateneo de Madrid | Biblioteca del Ateneo de Madrid | Depósito J | 09/07/2025 | Donación | N-10038 | 2025-0576 | 09/07/2025 | 09/07/2025 | Libro impreso |
